|
|
|
|
| LEADER |
00000nab a2200000 a 4500 |
| 001 |
vtls010869088 |
| 003 |
SK-MaSNL |
| 005 |
20260318124821.0 |
| 008 |
150917c20150826xo d| | 000 0|2hun |
| 015 |
|
|
|a SNBRB2015/09
|
| 038 |
|
|
|a DSZK
|
| 040 |
|
|
|a DSZK
|b slo
|c DSZK
|e AACR2
|
| 041 |
0 |
|
|a hun
|
| 044 |
|
|
|a xo
|c SK
|
| 080 |
|
|
|a 797.122.3.071.2
|x (437.612)
|2 2001
|
| 100 |
1 |
|
|a Mészáros, Károly J.,
|d 1955-
|4 aut
|9 103301
|
| 245 |
1 |
0 |
|a Tibike világbajnoki aranyat hozott
|c J. Mészáros Károly
|
| 300 |
|
|
|b Fotogr.
|
| 600 |
1 |
7 |
|a Linka, Tibor,
|d 1995-
|2 dszk
|9 1089086
|
| 611 |
2 |
7 |
|a Majstrovstvá sveta v rýchlostnej kanoistike
|d (2015 : Miláno, Taliansko)
|2 dszk
|9 1294171
|
| 650 |
0 |
7 |
|a kajakárstvo
|2 SNKPH
|9 14048
|
| 651 |
|
7 |
|a Šamorín (Slovensko)
|2 SNKPHgeo
|9 28925
|
| 651 |
|
7 |
|a Miláno (Taliansko)
|2 dszk
|9 17071
|
| 773 |
0 |
|
|t Új szó
|g Évf. 68, sz. 198 (2015.8.26), o. 21
|x 1335-7050
|
| 852 |
|
|
|a DSZK
|b KIS3GCP
|
| 958 |
|
|
|a HU
|
| 958 |
|
|
|a SK
|
| 958 |
|
|
|a IT
|
| 999 |
|
|
|c 2575298
|d 2577228
|